Historia precolombina y colonial americana hasta la creación del Virreinato del Río de la Plata

Gorde:
Xehetasun bibliografikoak
Egile Nagusiak: Chomnalez, Patricia (Egilea), Di Tella, Torcuato S (Egilea)
Formatua: Liburua
Hizkuntza:gaztelania
Argitaratua: Buenos Aires Troqvel 1995
Edizioa:2a. ed
Gaiak:
Etiketak: Etiketa erantsi
Etiketarik gabe, Izan zaitez lehena erregistro honi etiketa jartzen!

MARC

LEADER 00000nam a2200000 a 4500
001 UCP8234
003 CL-VaPUC
008 000114e19950000AG |||||||||||||||||spa|d
082 0 4 |a 372.89  |b CHO  |2 21 
100 0 |a Chomnalez, Patricia  |e author  |9 438036 
700 0 |a Di Tella, Torcuato S  |e author  |9 438037 
245 1 0 |a Historia precolombina y colonial americana hasta la creación del Virreinato del Río de la Plata 
250 |a 2a. ed 
300 |a 245 p 
942 |c BK 
945 |d 20000114 00:00:00  |a crobeson 
260 |a Buenos Aires  |b Troqvel  |c 1995 
650 0 |a Enseñanza de la historia   |9 307330 
650 0 |a Historia americana   |9 353864 
650 0 |a Libros de texto  |9 270019 
650 0 |a Culturas precolombinas  |9 408769 
650 0 |a Civilizaciones antiguas  |9 265998 
650 7 |a MAYAS  |2 CL-VaPUC  |9 267590 
650 0 |a Aztecas  |9 265930 
583 |a last modification  |c 20000114 00:00:00  |k Rodrigo Vera 
999 |c 285166  |d 285164 
952 |0 0  |1 0  |4 0  |6 372_890000000000000_CHO_1995  |7 0  |8 A  |9 329563  |a BIBHIS  |b BIBHIS  |d 2019-11-20  |i 1390546  |o 372.89 CHO 1995  |p 1390546  |r 2025-01-20  |w 2019-11-20  |y BK  |k HIS